[Event "Croatian junior league 2021"]
[Site "Rabac"]
[Date "2021.04.07"]
[Round "4.20"]
[White "Cotic, Borna"]
[Black "Cvitan, Ena"]
[Result "1/2-1/2"]
[WhiteElo "2120"]
[BlackElo "2263"]
[Annotator "TA"]
[PlyCount "28"]
[EventDate "2021.04.06"]
[EventType "swiss"]
[EventCountry "CRO"]
[SourceTitle "playchess.com"]
[Source "ChessBase"]
[SourceQuality "1"]

{[%evp 10,28,30,30,30,32,24,21,25,20,23,33,28,14,14,16,6,10,8,14,13]} 1. e4 c6 2. Nc3 d5 3. Nf3 dxe4 4. Nxe4 Nf6 5. Qe2 Nxe4 6. Qxe4 Be6 {B11: Caro-Kann: Two Knights Variation.} 7. b3 Nd7 {[%cal Bb8d7,Bd7f6,Bf6h5,Bh5g7,Bg7e6][%mdl 32]} 8. Bb2 Nf6 9. Qf4 g6 10. Bc4 Nh5 {[#]} 11. Qh4 $146 ({Predecessor:} 11. Qd4 Bg7 12. Qxd8+ Rxd8 13. Bxg7 Nxg7 14. Bxe6 Nxe6 15. O-O-O Nd4 16. Nxd4 Rxd4 17. Rde1 {½-½ (31) Ljubicic,M (1966)-Cvitan,E (2258) Cakovec 2020}) 11... Bg7 {The position is equal.} 12. Bxg7 Nxg7 13. Bxe6 Nxe6 14. O-O Qd6 {An uneventful encounter.  Weighted Error Value: White=0.03/Black=0.00} 1/2-1/2

[Event "Croatian junior league 2021"]
[Site "Rabac"]
[Date "2021.04.07"]
[Round "4.21"]
[White "Ghersinich, Enrico"]
[Black "Baric, Marko"]
[Result "1/2-1/2"]
[WhiteElo "2186"]
[BlackElo "1936"]
[Annotator "TA"]
[PlyCount "120"]
[EventDate "2021.04.06"]
[EventType "swiss"]
[EventCountry "CRO"]
[SourceTitle "playchess.com"]
[Source "ChessBase"]
[SourceQuality "1"]

{[%evp 14,120,10,-6,27,33,57,29,56,52,84,71,75,84,115,75,72,62,125,108,153,148,177,159,237,235,241,241,216,207,234,217,225,218,226,164,194,156,143,158,162,155,162,165,193,193,193,170,205,170,179,204,195,202,206,197,188,189,193,182,181,179,335,320,443,441,832,831,826,814,761,602,625,626,618,585,616,391,362,355,335,345,324,146,112,0,0,0,0,0,0,0,0,0,0,0,0,0,0,0,0,0,0,0,0,0,0,0,0]} 1. c4 Nf6 2. Nc3 c5 3. g3 Nc6 4. Bg2 g6 5. Nf3 Bg7 6. O-O d6 7. d3 O-O 8. Rb1 e6 {8...d5 is setting a new trend. A38: Symmetrical English vs ...g6: 4 Bg2 Bg7 5 Nf3 Nf6.} 9. a3 d5 10. Bg5 {[#]} dxc4 $146 {White has an edge.} ({Predecessor:} 10... h6 11. cxd5 exd5 12. Bf4 Nh5 13. Bd2 b6 14. b4 Be6 15. bxc5 bxc5 16. Na4 Qe7 {1-0 (28) Tuominen,M (2165)-Alho,S Tampere 1997}) 11. dxc4 Qa5 12. Qd6 Ne8 13. Qd2 Nc7 14. Ne4 {[#] Black must now prevent b4.} Qxd2 15. Nfxd2 h6 (15... f5 $14) 16. Be3 Nd4 17. Nxc5 Nxe2+ 18. Kh1 Rb8 {[#]} (18... Nd4 $16 {might work better.}) 19. Ncb3 $1 $18 e5 20. Rbe1 ({Don't play} 20. Bxa7 $6 Ra8) 20... Nd4 21. Nxd4 {[%mdl 64] Overworked Piece} exd4 22. Bf4 Na6 23. Bxb8 Nxb8 24. Bd5 Nd7 25. Re7 Bf6 26. Re2 Nb6 27. Ne4 Nxd5 28. cxd5 Bg7 29. f3 b6 30. Rc1 Ba6 31. Rd2 f5 32. Nf2 Bb7 33. Nd3 Bxd5 34. Kg2 g5 35. Nb4 Ba8 36. Kf2 g4 37. Nc6 gxf3 $2 (37... f4) 38. Nxd4 f4 39. gxf4 Rxf4 (39... Rd8 $142 40. Nxf3 Rxd2+ 41. Nxd2 Bb7) 40. Ne6 Rg4 41. Rc8+ Kf7 42. Nd8+ Kg6 43. Rxa8 Rg2+ 44. Ke3 f2 45. Rxf2 Bd4+ 46. Kxd4 Rxf2 {[%mdl 4096] Endgame KRN-KR} 47. b4 Rxh2 48. Rxa7 (48. Kc4 $18 {has better winning chances.}) 48... Rd2+ $16 49. Ke5 (49. Kc4 $16 {aiming for Nc6.} Rxd8 50. Re7) 49... Rxd8 $11 {KR-KR. The position is equal.} 50. Ra6 h5 51. Rxb6+ Kg5 52. a4 h4 53. Ke4 h3 {( -> ...h2)} 54. Rc6 h2 (54... Rh8 {feels hotter.} 55. Rc1 Rh4+ 56. Kf3 Rxb4 57. Kg3 Rb3+) 55. Rc1 {Hoping for Rh1.} Kg4 56. b5 {And now Rh1 would win.} Ra8 57. Rb1 Rxa4+ 58. Kd5 Ra8 59. b6 Rb8 {Threatens to win with ...Rxb6!} 60. Kc6 Kg3 {White really could win this.  Weighted Error Value: White=0.18/Black=0.19} 1/2-1/2

[Event "Croatian junior league 2021"]
[Site "Rabac"]
[Date "2021.04.07"]
[Round "4.22"]
[White "Denic, Marin"]
[Black "Purini, Bruno"]
[Result "1/2-1/2"]
[WhiteElo "1914"]
[BlackElo "1987"]
[Annotator "NA RC"]
[PlyCount "49"]
[EventDate "2021.04.06"]
[EventType "swiss"]
[EventCountry "CRO"]
[SourceTitle "playchess.com"]
[Source "ChessBase"]
[SourceQuality "1"]
[TimeControl "5400+30"]

1. e4 {[%emt 0:01:22]} c6 {[%emt 0:00:00]} 2. d4 {[%emt 0:00:00]} d5 {[%emt 0:00:05]} 3. Nc3 {[%emt 0:00:00]} dxe4 {[%emt 0:00:27]} 4. Nxe4 {[%emt 0:00:00]} Nf6 {[%emt 0:00:23]} 5. Nxf6+ {[%emt 0:01:36]} exf6 {[%emt 0:00:03]} 6. c3 {[%emt 0:00:41]} Bf5 {[%emt 0:01:54]} 7. Bd3 {[%emt 0:01:10]} Bxd3 {[%emt 0:00:22]} 8. Qxd3 {[%emt 0:00:05]} Bd6 {[%emt 0:01:21]} 9. Nf3 {[%emt 0:12:37]} O-O {[%emt 0:00:38]} 10. O-O {[%emt 0:00:02]} Qc7 {[%emt 0:01:28]} 11. Be3 {[%emt 0:02:15]} Nd7 {[%emt 0:00:55]} 12. Rfd1 {[%emt 0:02:20]} Rad8 {[%emt 0:07:04]} 13. h3 {[%emt 0:20:43]} Rfe8 {[%emt 0:02:58]} 14. Nd2 {[%emt 0:05:39]} g6 {[%emt 0:01:45]} 15. Nc4 {[%emt 0:05:37]} Bf4 {[%emt 0:05:19]} 16. Bxf4 {[%emt 0:03:57]} Qxf4 {[%emt 0:00:16]} 17. Qd2 {[%emt 0:00:33]} Qc7 {[%emt 0:02:42]} 18. Re1 {[%emt 0:04:31]} b5 {[%emt 0:00:45]} 19. Rxe8+ {[%emt 0:00:48]} Rxe8 {[%emt 0:00:05]} 20. Ne3 {[%emt 0:00:25]} f5 {[%emt 0:01:50]} 21. Re1 {[%emt 0:17:43]} Nf6 {[%emt 0:01:43]} 22. f3 {[%emt 0:03:59]} Kg7 {[%emt 0:06:18]} 23. Nxf5+ {[%emt 0:02:18]} gxf5 {[%emt 0:00:49]} 24. Qg5+ {[%emt 0:00:23]} Kf8 {[%emt 0:00:10]} 25. Qh6+ {[%emt 0:00:28]} 1/2-1/2

[Event "Croatian junior league 2021"]
[Site "Rabac"]
[Date "2021.04.07"]
[Round "4.23"]
[White "Duda, Daniel"]
[Black "Cecic-Sule, Dino"]
[Result "1-0"]
[WhiteElo "1968"]
[BlackElo "1770"]
[Annotator "TA"]
[PlyCount "63"]
[EventDate "2021.04.06"]
[EventType "swiss"]
[EventCountry "CRO"]
[SourceTitle "playchess.com"]
[Source "ChessBase"]
[SourceQuality "1"]

{[%evp 9,63,5,-1,-8,18,5,6,0,0,0,0,0,0,0,0,0,0,0,0,0,0,0,6,6,12,0,0,-6,23,0,28,48,32,37,42,42,34,0,35,0,0,0,0,0,0,0,8,8,8,7,8,8,19,0,0,0]} 1. d4 d5 2. Nf3 Nf6 3. Bf4 c5 4. e3 Nc6 5. Nbd2 Qb6 6. dxc5 {D02: 1 d4 d5 2 Nf3 sidelines, including 2...Nf6 3 g3 and 2...Nf6 3 Bf4.} Qxc5 7. Nb3 Qb6 8. Be2 g6 9. O-O Bg7 {[#]} 10. Ne5 $146 ({Predecessor:} 10. a4 a5 11. Nfd4 O-O 12. Nb5 e5 13. Bg3 Be6 14. Bh4 Ne7 15. Bxf6 Bxf6 16. Bg4 {0-1 (25) Oddone,C (2268)-Ulaneo,M (2031) Paysandu 2017}) 10... O-O 11. c4 Nxe5 12. Bxe5 dxc4 13. Bxc4 Bg4 14. Qd4 Qxd4 15. Bxd4 Rfc8 16. Rac1 Bd7 17. Rfd1 {[#] Strongly threatening Bxf6.} Ba4 18. f3 b5 19. Be2 a6 20. Rxc8+ Rxc8 21. Rc1 Rxc1+ 22. Nxc1 {[#] And now Bxf6 would win.} Bc2 $1 23. Nd3 Nd5 (23... Bxd3 $5 24. Bxd3 Nd5 $11) 24. Bxg7 {Hoping for Bd4.} Bxd3 {The position is equal.} 25. Bxd3 {Threatens to win with Bd4.} Kxg7 $14 {[%mdl 4096] Endgame KB-KN} 26. Kf2 Nb4 27. Bb1 e5 28. Ke2 f5 29. Kd2 Kf6 30. a3 {[%cal Ba2a3,Ba3a4][%mdl 32]} Nc6 31. Bd3 Ke6 32. a4 {[%mdl 32768] Weighted Error Value: White=0.07/Black=0.04. Loss on time!?} 1-0

[Event "Croatian junior league 2021"]
[Site "Rabac"]
[Date "2021.04.08"]
[Round "5.1"]
[White "Cvitan, Ena"]
[Black "Karlusic, Luka"]
[Result "1-0"]
[WhiteElo "2263"]
[BlackElo "2047"]
[Annotator "TA"]
[PlyCount "97"]
[EventDate "2021.04.06"]
[EventType "swiss"]
[EventCountry "CRO"]
[SourceTitle "playchess.com"]
[Source "ChessBase"]
[SourceQuality "1"]

{[%evp 11,96,0,0,0,0,0,12,17,27,14,14,26,23,0,0,-11,21,24,36,35,60,76,69,75,76,50,55,39,90,75,108,103,102,112,106,106,409,97,480,480,425,0,0,0,0,0,0,0,22,8,100,103,112,100,102,58,80,83,125,132,135,91,121,116,165,182,335,344,371,368,389,393,391,375,387,348,348,329,354,347,630,622,614,584,29998,29999,29999]} 1. d4 d5 2. Nf3 Nf6 3. Bf4 c5 4. e3 Nc6 5. Nbd2 Bf5 6. c3 e6 {6...e6 is better than 6...Qb6.} 7. Qa4 {D00: 1 d4 d5: Unusual lines.} Qb6 8. Bb5 Be7 9. dxc5 {The position is equal.} Bxc5 {[#]} 10. Nd4 $146 ({Predecessor:} 10. b4 Be7 11. Nd4 Rc8 12. Nxf5 exf5 13. O-O O-O 14. Rac1 Ne4 15. Rfd1 Rfd8 16. a3 {1-0 (58) Bacrot,A (2180)-Lary,D (2072) Agen 2018}) 10... Bxd4 11. cxd4 O-O 12. O-O Rfc8 13. Rfc1 Ne7 (13... Nh5 $5 {[%cal Rh5f4]} 14. Bg5 h6 $11) 14. Nb3 Bc2 15. Qa5 Qxa5 16. Nxa5 a6 {Threatens to win with ...b6.} 17. Be2 b6 18. Nb3 Kf8 19. Nd2 Ng6 (19... Ne4 $14 20. Nxe4 dxe4) 20. Bg3 Ne4 21. Nxe4 dxe4 22. Kf1 Rc6 23. Ke1 b5 $2 {[%mdl 8192]} (23... Ne7 $16 {is more resistant.}) 24. a4 $2 (24. Kd2 $1 $18 {is the precise move to win.}) 24... bxa4 $2 {[%mdl 8192]} (24... b4 $16) 25. Kd2 $1 $18 Rac8 {[#]} 26. Bxa6 $2 Rxa6 $11 27. Rxc2 Rxc2+ 28. Kxc2 $18 {[%mdl 4096] Endgame KRB-KRN} Ne7 29. Kd2 Nd5 30. b3 Nb6 (30... Ke7 $11 {remains equal.}) 31. Bd6+ $16 Ke8 32. Bc5 Kd7 33. Kc3 Nd5+ {[#]} 34. Kb2 $1 Nf6 35. h3 (35. Rxa4 $6 Rxa4 36. bxa4 Ng4 $11) 35... Kc6 36. bxa4 Nd7 37. Bb4 Kd5 38. Kb3 Nb6 $2 (38... Kc6 {was called for.} 39. Rc1+ Kb7) 39. Rc1 $18 {aiming for Rc5+.} Nxa4 40. Rc7 e5 41. Rd7+ Ke6 42. Re7+ Kf6 {If only Black now had time for ...exd4....} 43. Rxe5 Nb6 44. g4 (44. Rxe4 h6) 44... h6 45. h4 ({Don't play} 45. Rxe4 Ra1 $18) 45... g6 $2 (45... Kg6 46. h5+ Kh7 47. Rxe4 Ra1) 46. Bf8 {White threatens g5+ and mate.} g5 47. h5 Nd7 48. Rf5+ Ke6 49. d5# {Weighted Error Value: White=0.27/Black=0.79} 1-0

[Event "Croatian junior league 2021"]
[Site "Rabac"]
[Date "2021.04.08"]
[Round "5.2"]
[White "Mahecic, Lovre"]
[Black "Ghersinich, Enrico"]
[Result "0-1"]
[WhiteElo "1958"]
[BlackElo "2186"]
[Annotator "TA"]
[PlyCount "114"]
[EventDate "2021.04.06"]
[EventType "swiss"]
[EventCountry "CRO"]
[SourceTitle "playchess.com"]
[Source "ChessBase"]
[SourceQuality "1"]

{[%evp 9,114,22,37,36,52,48,35,0,7,-110,-102,-136,-136,-125,53,-157,-125,-172,-131,-134,-65,-58,-77,-56,-32,-34,-28,-42,-24,-25,-31,-38,-15,-6,21,33,44,45,83,9,23,0,0,-17,0,-100,-10,-13,-12,-11,-10,-11,-13,-24,-22,-194,-125,-117,-72,-74,-62,-66,-72,-71,-75,-80,0,0,0,0,0,-7,-7,-7,-7,-41,-34,-56,0,-417,-416,-388,-375,-361,-352,-29984,-29985,-29985,-29986,-29985,-29986,-29986,-29987,-29987,-29988,-29988,-29989,-29990,-29991,-29991,-29992,-29995,-29992,-29996,-29994,-29995,-29995]} 1. c4 e5 2. Nc3 Nc6 3. g3 Bc5 4. Bg2 d6 5. e3 a5 6. Nge2 {[#] A25: English Opening vs King's Indian with ...Nc6 but without early d3.} Ba7 $146 ({Predecessor:} 6... Nf6 7. d4 Ba7 8. Nb5 O-O 9. h3 Bf5 10. Bxc6 bxc6 11. Nxa7 Rxa7 12. f3 e4 {1-0 (50) Tsoi,D (2376)-Khmelev,M (1995) Moscow 2019}) 7. O-O h5 8. d4 {White is slightly better.} h4 $1 9. Bxc6+ (9. b3 $11) 9... bxc6 $17 10. dxe5 hxg3 11. fxg3 Qg5 $2 (11... Bh3 $1 $17 12. Rf2 dxe5) 12. Nf4 $2 (12. Nd4 $1 $14 {stays ahead.} Bg4 13. Qd2) 12... dxe5 ({Resist} 12... Qxe5 13. Qf3 $15) 13. Ng2 Nf6 14. Qf3 O-O ({Black should try} 14... Bd7 $17 15. Ne4 Nxe4 16. Qxe4 O-O-O) 15. Ne4 $15 Nxe4 16. Qxe4 Bh3 17. Bd2 Rae8 18. Qxc6 Re6 19. Qxc7 Bb6 20. Qb7 Rd6 {[%mdl 1024] Black has compensation.} 21. Rf2 Bc8 22. Qe4 Qe7 23. Bc3 f6 24. Re1 (24. b4 $16 Bb7 25. Qc2 Bxg2 26. Kxg2 (26. c5 Ba8 $11) 26... Bxe3 27. Rf3) 24... Bb7 25. Qc2 {Black should prevent b4.} Qe6 26. Qe2 Rfd8 27. Nh4 (27. c5 $11 Bxc5 28. Bxa5) 27... Rd3 ({Better is} 27... R6d7 $1 $17 {aiming for ...Qc6.} 28. b4 Qc6) 28. Nf5 $11 {And now Qg4! would win.} Be4 29. Qg4 {[%csl Gf5][%cal Rg4g7]} Bxf5 30. Qxf5 Qxc4 31. Rfe2 Qxa2 32. b4 $2 Qc4 (32... Qb3 $19 33. bxa5 Bc7) 33. bxa5 $17 Bc7 34. Bb2 Bxa5 35. Rc1 {[%cal Rc1c4]} Rd1+ 36. Rxd1 Rxd1+ 37. Kf2 Be1+ 38. Rxe1 $11 Rd2+ {[%mdl 64] Double Attack} 39. Kg1 {Hoping for Bc1.} Qc6 {[%csl Gd2][%cal Rc6g2]} 40. e4 {Black must now prevent Bc1.} Qb6+ $40 {[%mdl 128] Black attacks.} 41. Kh1 {Threatens to win with Bc1.} Qxb2 {[%mdl 4096] Endgame KQR-KQR} 42. Qc8+ (42. Qh5 {is interesting.} Rd8 43. Re2 Qc1+ 44. Kg2 Qd1 45. Qf3) 42... Kf7 43. Qh3 Qc2 ({Black should play} 43... Qb3 $15 44. Qg4 g6) 44. Kg1 $2 {[%mdl 8192] [#]} (44. Qh5+ $11 Kf8 45. Qh8+ Kf7 46. Qh5+ Kf8 47. Qh8+ Kf7 48. Qh5+) 44... Qc5+ $1 $19 45. Kh1 {[#]} Qf2 $1 {[%cal Rf2e1]} 46. Rf1 Qe2 47. Rxf6+ $2 (47. g4 $19) 47... gxf6 {Black mates.} 48. Qh7+ Ke6 {[%csl Gd2][%cal Re2g2]} 49. Qg8+ Kd6 {[%csl Gd2][%cal Re2h2]} 50. Qf8+ Kc6 {[%csl Gd2][%cal Re2h2]} 51. Qc8+ Kb5 {[%csl Gd2][%cal Re2h2]} 52. Qb7+ Kc4 {[%csl Gd2][%cal Re2h2]} 53. Qc6+ Kd4 {[%csl Gd2][%cal Re2h2]} 54. Qb6+ Kxe4 {[%csl Gd2][%cal Re2h2]} 55. Qb1+ Qd3 {[%cal Rd3b1]} 56. Qb4+ Ke3 {[%cal Rd3f1]} 57. Qc5+ Ke2 {Weighted Error Value: White=0.56/Black=0.19} 0-1

[Event "Croatian junior league 2021"]
[Site "Rabac"]
[Date "2021.04.08"]
[Round "5.3"]
[White "Purini, Bruno"]
[Black "Novosel, Lovro"]
[Result "1-0"]
[WhiteElo "1987"]
[BlackElo "1997"]
[Annotator "ChessBase"]
[PlyCount "79"]
[EventDate "2021.04.06"]
[EventType "swiss"]
[EventCountry "CRO"]
[SourceTitle "playchess.com"]
[Source "ChessBase"]
[SourceQuality "1"]
[TimeControl "5400+30"]

1. e4 {[%emt 0:03:43]} c5 {[%emt 0:00:00]} 2. Nf3 {[%emt 0:00:19]} d6 {[%emt 0:00:00]} 3. Bb5+ {[%emt 0:01:37]} Nd7 {[%emt 0:00:16]} 4. a4 {[%emt 0:03:03]} Ngf6 {[%emt 0:01:28]} 5. Qe2 {[%emt 0:06:16]} e6 {[%emt 0:01:01]} 6. c3 {[%emt 0:01:11]} Be7 {[%emt 0:01:18]} 7. d4 {[%emt 0:00:30]} O-O {[%emt 0:01:13]} 8. O-O {[%emt 0:00:54]} a6 {[%emt 0:00:19]} 9. Bd3 {[%emt 0:00:23]} Re8 {[%emt 0:07:52]} 10. Rd1 {[%emt 0:01:36]} Qc7 {[%emt 0:02:06]} 11. Nbd2 {[%emt 0:05:53]} g6 {[%emt 0:08:51]} 12. Nf1 {[%emt 0:01:43]} b6 {[%emt 0:00:32]} 13. Ng3 {[%emt 0:00:56]} Bb7 {[%emt 0:01:21]} 14. h4 {[%emt 0:02:41]} Bf8 {[%emt 0:05:52]} 15. h5 {[%emt 0:03:23]} e5 {[%emt 0:09:08]} 16. d5 {[%emt 0:01:31]} Bg7 {[%emt 0:04:22]} 17. hxg6 {[%emt 0:01:39]} hxg6 {[%emt 0:00:09]} 18. Bg5 {[%emt 0:00:59]} Nh7 {[%emt 0:01:16]} 19. Be3 {[%emt 0:02:18]} Ndf6 {[%emt 0:00:28]} 20. Ng5 {[%emt 0:00:40]} Bc8 {[%emt 0:04:14]} 21. Rf1 {[%emt 0:02:18]} Qb7 {[%emt 0:02:43]} 22. Nxh7 {[%emt 0:01:07]} Kxh7 {[%emt 0:00:50]} 23. f3 {[%emt 0:02:38]} Bd7 {[%emt 0:01:03]} 24. Qd2 {[%emt 0:01:59]} b5 {[%emt 0:03:11]} 25. a5 {[%emt 0:01:04]} c4 {[%emt 0:02:36]} 26. Bc2 {[%emt 0:02:12]} Rab8 {[%emt 0:00:41]} 27. Kf2 {[%emt 0:03:41]} b4 {[%emt 0:05:28]} 28. Rh1+ {[%emt 0:00:14]} Kg8 {[%emt 0:00:04]} 29. Rh2 {[%emt 0:03:29]} bxc3 {[%emt 0:10:50]} 30. bxc3 {[%emt 0:00:02]} Bb5 {[%emt 0:00:24]} 31. Bh6 {[%emt 0:01:11]} Qa7+ {[%emt 0:00:30]} 32. Ke2 {[%emt 0:00:16]} Bh8 {[%emt 0:01:30]} 33. Rah1 {[%emt 0:00:56]} Qd7 {[%emt 0:02:21]} 34. Nf5 {[%emt 0:12:43]} Ba4 {[%emt 0:04:16]} 35. Bg7 {[%emt 0:09:32]} Nh5 {[%emt 0:01:56]} 36. Rxh5 {[%emt 0:00:17]} gxh5 {[%emt 0:00:38]} 37. Qh6 {[%emt 0:00:20]} f6 {[%emt 0:00:22]} 38. Qxh8+ {[%emt 0:00:27]} Kf7 {[%emt 0:00:03]} 39. Qxh5+ {[%emt 0:00:10]} Kg8 {[%emt 0:00:15]} 40. Qg6 {[%emt 0:01:00]} 1-0

[Event "Croatian junior league 2021"]
[Site "Rabac"]
[Date "2021.04.08"]
[Round "5.4"]
[White "Moric, Ivan"]
[Black "Duda, Daniel"]
[Result "0-1"]
[WhiteElo "1907"]
[BlackElo "1968"]
[Annotator "ChessBase"]
[PlyCount "64"]
[EventDate "2021.04.06"]
[EventType "swiss"]
[EventCountry "CRO"]
[SourceTitle "playchess.com"]
[Source "ChessBase"]
[SourceQuality "1"]
[TimeControl "5400+30"]

1. e4 {[%emt 0:00:00]} c5 {[%emt 0:04:13]} 2. Nf3 {[%emt 0:00:00]} g6 {[%emt 0:00:03]} 3. d4 {[%emt 0:00:00]} cxd4 {[%emt 0:00:06]} 4. Nxd4 {[%emt 0:00:00]} Nc6 {[%emt 0:00:04]} 5. Nc3 {[%emt 0:00:48]} Bg7 {[%emt 0:00:05]} 6. Be3 {[%emt 0:00:09]} Nf6 {[%emt 0:06:07]} 7. f3 {[%emt 0:00:38]} O-O {[%emt 0:00:14]} 8. Bc4 {[%emt 0:00:09]} d6 {[%emt 0:00:15]} 9. Qd2 {[%emt 0:00:37]} Bd7 {[%emt 0:00:34]} 10. O-O-O {[%emt 0:01:08]} Rc8 {[%emt 0:00:05]} 11. Bb3 {[%emt 0:00:15]} Nxd4 {[%emt 0:00:13]} 12. Bxd4 {[%emt 0:00:42]} b5 {[%emt 0:00:07]} 13. h4 {[%emt 0:12:40]} a5 {[%emt 0:02:15]} 14. h5 {[%emt 0:17:24]} a4 {[%emt 0:06:09]} 15. Bxf6 {[%emt 0:04:59]} Bxf6 {[%emt 0:22:36]} 16. hxg6 {[%emt 0:04:10]} e6 {[%emt 0:01:57]} 17. Qxd6 {[%emt 0:20:47]} axb3 {[%emt 0:02:47]} 18. Qh2 {[%emt 0:02:41]} h6 {[%emt 0:00:46]} 19. f4 {[%emt 0:07:17]} Bg7 {[%emt 0:05:39]} 20. gxf7+ {[%emt 0:02:12]} Rxf7 {[%emt 0:01:31]} 21. axb3 {[%emt 0:00:25]} Qa5 {[%emt 0:00:41]} 22. e5 {[%emt 0:01:20]} Bc6 {[%emt 0:04:57]} 23. Qg3 {[%emt 0:02:36]} Qa1+ {[%emt 0:01:48]} 24. Kd2 {[%emt 0:01:16]} Qxb2 {[%emt 0:01:19]} 25. Rxh6 {[%emt 0:02:58]} Rd7+ {[%emt 0:06:57]} 26. Ke1 {[%emt 0:00:15]} Qxc2 {[%emt 0:02:42]} 27. Rxe6 {[%emt 0:02:59]} Rxd1+ {[%emt 0:04:28]} 28. Nxd1 {[%emt 0:00:07]} Rd8 {[%emt 0:00:09]} 29. Rd6 {[%emt 0:00:44]} Rxd6 {[%emt 0:02:10]} 30. exd6 {[%emt 0:00:06]} Qxg2 {[%emt 0:00:09]} 31. Qe3 {[%emt 0:04:02]} Qd5 {[%emt 0:03:14]} 32. Qd2 {[%emt 0:03:11]} Qxb3 {[%emt 0:00:54]} 0-1

[Event "Croatian junior league 2021"]
[Site "Rabac"]
[Date "2021.04.08"]
[Round "5.5"]
[White "Bunic, Emanuel"]
[Black "Cotic, Borna"]
[Result "0-1"]
[WhiteElo "1839"]
[BlackElo "2120"]
[Annotator "RC"]
[PlyCount "98"]
[EventDate "2021.04.06"]
[EventType "swiss"]
[EventCountry "CRO"]
[SourceTitle "playchess.com"]
[Source "ChessBase"]
[SourceQuality "1"]
[TimeControl "5400+30"]

1. d4 {[%emt 0:07:24]} d5 {[%emt 0:08:30]} 2. c4 {[%emt 0:00:00]} e6 {[%emt 0:00:20]} 3. Nc3 {[%emt 0:00:00]} Nf6 {[%emt 0:01:10]} 4. cxd5 {[%emt 0:00:36]} exd5 {[%emt 0:00:11]} 5. Bg5 {[%emt 0:00:00]} Be7 {[%emt 0:00:23]} 6. e3 {[%emt 0:00:00]} Nbd7 {[%emt 0:00:43]} 7. Bd3 {[%emt 0:00:00]} c6 {[%emt 0:02:28]} 8. Qc2 {[%emt 0:00:00]} Nh5 {[%emt 0:05:05]} 9. Bxe7 {[%emt 0:00:37]} Qxe7 {[%emt 0:00:09]} 10. Nf3 {[%emt 0:00:29]} Nf4 {[%emt 0:02:02]} 11. Bf1 {[%emt 0:03:21]} O-O {[%emt 0:08:48]} 12. O-O-O {[%emt 0:05:24]} Ng6 {[%emt 0:04:44]} 13. h4 {[%emt 0:02:20]} Re8 {[%emt 0:01:00]} 14. h5 {[%emt 0:05:22]} Ngf8 {[%emt 0:00:27]} 15. Bd3 {[%emt 0:01:25]} Nf6 {[%emt 0:07:10]} 16. Ne5 {[%emt 0:14:27]} Ng4 {[%emt 0:01:50]} 17. Nxg4 {[%emt 0:05:58]} Bxg4 {[%emt 0:00:20]} 18. Rde1 {[%emt 0:01:50]} c5 {[%emt 0:11:17]} 19. f3 {[%emt 0:07:11]} Be6 {[%emt 0:04:12]} 20. g4 {[%emt 0:02:26]} Rab8 {[%emt 0:02:58]} 21. Qg2 {[%emt 0:04:16]} b5 {[%emt 0:03:18]} 22. Bxb5 {[%emt 0:10:38]} Rec8 {[%emt 0:00:25]} 23. Bd3 {[%emt 0:05:04]} cxd4 {[%emt 0:04:43]} 24. exd4 {[%emt 0:00:47]} Rxc3+ {[%emt 0:14:50]} 25. bxc3 {[%emt 0:01:10]} Qa3+ {[%emt 0:00:24]} 26. Kd1 {[%emt 0:04:53]} Bd7 {[%emt 0:00:59]} 27. Bc2 {[%emt 0:08:18]} Ba4 {[%emt 0:04:20]} 28. Bxa4 {[%emt 0:02:43]} Rb1+ {[%emt 0:00:38]} 29. Kd2 {[%emt 0:00:44]} Rb2+ {[%emt 0:00:05]} 30. Bc2 {[%emt 0:02:16]} Rxc2+ {[%emt 0:00:05]} 31. Kxc2 {[%emt 0:00:06]} Qxa2+ {[%emt 0:00:03]} 32. Kd3 {[%emt 0:00:12]} Qxg2 {[%emt 0:00:06]} 33. Ke3 {[%emt 0:00:30]} Ne6 {[%emt 0:00:38]} 34. Ra1 {[%emt 0:01:51]} f5 {[%emt 0:02:35]} 35. Rhb1 {[%emt 0:01:33]} f4+ {[%emt 0:00:28]} 36. Kd3 {[%emt 0:00:28]} Qxf3+ {[%emt 0:00:06]} 37. Kd2 {[%emt 0:00:37]} Qf2+ {[%emt 0:01:22]} 38. Kd1 {[%emt 0:00:27]} Qf3+ {[%emt 0:00:59]} 39. Kd2 {[%emt 0:00:41]} h6 {[%emt 0:00:22]} 40. Rb8+ {[%emt 0:00:38]} Kh7 {[%emt 0:00:09]} 41. Rxa7 {[%emt 0:00:36]} Qxg4 {[%emt 0:00:34]} 42. Raa8 {[%emt 0:00:46]} Qxh5 {[%emt 0:00:08]} 43. Rh8+ {[%emt 0:00:08]} Kg6 {[%emt 0:00:06]} 44. Ra6 {[%emt 0:00:16]} Qh2+ {[%emt 0:00:32]} 45. Kd1 {[%emt 0:00:33]} Qg1+ {[%emt 0:00:07]} 46. Kc2 {[%emt 0:00:27]} Qg2+ {[%emt 0:00:14]} 47. Kb3 {[%emt 0:00:14]} Qe2 {[%emt 0:00:08]} 48. Ra2 {[%emt 0:00:42]} f3 {[%emt 0:00:49]} 49. Re8 {[%emt 0:00:28]} Nxd4+ {[%emt 0:00:10]} 0-1